| 000 | 00909nam a2200253 u 4500 | ||
|---|---|---|---|
| 001 | 000002175 | ||
| 005 | 20240412074159.0 | ||
| 008 | 090701s2007 dr r 000 0 spa d | ||
| 020 | _a9781932271850 | ||
| 040 |
_aDO-SdBNP _bspa _cBNPHU |
||
| 082 |
_aRD861.44 _bG633a |
||
| 100 | 1 |
_aGómez Beras, Carlos Roberto, _d1959- _96916 |
|
| 245 | 1 | 0 |
_aAún : _b(1992-1989) / _cCarlos Roberto Gómez Beras. |
| 260 |
_aSan Juan, Puerto Rico ; _aSanto Domingo : _bIsla Negra, _c2007. |
||
| 300 |
_a182 p. ; _c22 cm. |
||
| 490 | 1 | _aEl canon secuestrado | |
| 500 | _aIncluye datos biográficos del autor. | ||
| 505 | 2 | _aAnimal de sombras -- Poesía sin palabras -- La paloma de la plusvalía -- Viaje a la noche. | |
| 590 | _aInventariado, 2018/LP | ||
| 650 | 0 |
_aPoesía dominicana _966 |
|
| 650 | 0 |
_aLiteratura dominicana. _967 |
|
| 830 | 0 |
_aEl canon secuestrado _96917 |
|
| 910 | _aValidado. Control de calidad MMOLINA | ||
| 999 |
_c2023 _d2023 |
||